[Event "London Classic Open 2016"]
[Site "London ENG"]
[Date "2016.12.10"]
[Round "2.82"]
[White "Kuntner, Reinhard2"]
[Black "Jennings, Richard"]
[Result "0-1"]
[WhiteElo "2086"]
[BlackElo "1879"]
[WhiteFideId "1630555"]
[BlackFideId "2404435"]
[EventDate "2016.12.09"]

1. c4 e6 2. Nf3 d5 3. b3 Nf6 4. Bb2 c5 5. e3 Nc6 6. a3 Be7 7. d4 O-O 8. dxc5
Bxc5 9. b4 Be7 10. Nbd2 Bd7 11. Qb3 a5 12. b5 a4 13. Qc3 Na5 14. cxd5 exd5 15.
Bd3 Qb6 16. Qd4 Bc5 17. Qf4 Rfe8 18. O-O Bd6 19. Qh4 Ne4 20. Nxe4 dxe4 21. Bxe4
h6 22. Bd5 Qxb5 23. Qd4 Bf8 24. Rab1 Nb3 25. Qc4 Qxc4 26. Bxc4 Rec8 27. Ne5 Rxc4
28. Nxc4 Bb5 29. Nb6 Ra6 30. Nd5 Bxf1 31. Rxf1 Rd6 32. Rd1 f6 33. g4 Kf7 34. e4
Rc6 35. Ne3 Ke8 36. Rd5 Rc5 37. Rxc5 Bxc5 38. Nd5 Nd2 39. Nc3 Nc4 40. Nxa4 Bxa3
41. Bxa3 Nxa3 42. Kf1 Ke7 43. Ke2 Kd6 44. f4 b5 45. Nb2 g5 46. f5 Nc4 47. Nd1
Kc5 48. Nc3 Ne5 49. h3 Nd7 50. Kd3 Ne5+ 51. Ke2 Kc4 52. Nd5 Nd7 53. Kd2 Kd4 54.
Ke2 Kc4 55. Kd2 b4 56. Kc2 Kd4 57. Nxb4 Kxe4 58. Kc3 Ne5 59. Kd2 Kf3 60. Nd5 Nd7
61. Ne7 Kg3 62. Ng8 Kxh3 63. Nxh6 Ne5 64. Ng8 Nxg4 65. Ke2 Kg3 0-1

[Event "London Classic Open 2016"]
[Site "London ENG"]
[Date "2016.12.10"]
[Round "2.83"]
[White "Johnson, Paul A"]
[Black "Sucikova, Svetlana"]
[Result "0-1"]
[BlackTitle "WFM"]
[WhiteElo "1866"]
[BlackElo "2083"]
[WhiteFideId "415677"]
[BlackFideId "14923653"]
[EventDate "2016.12.09"]

1. d4 d5 2. Nf3 Nf6 3. c4 e6 4. Nc3 c6 5. e3 Nbd7 6. Bd3 dxc4 7. Bxc4 b5 8. Bd3
Bb7 9. O-O Bd6 10. Qe2 O-O 11. Ng5 h6 12. Nge4 Bc7 13. f4 a6 14. Bd2 Qe7 15. a3
Rfd8 16. b4 a5 17. Nxf6+ Nxf6 18. Ne4 Nxe4 19. Bxe4 Bd6 20. Rab1 axb4 21. Bxb4
Bxb4 22. axb4 Ra4 23. Qb2 Rda8 24. Qc3 Ra3 25. Rb3 Rxb3 26. Qxb3 c5 27. Bxb7 c4
28. Qc3 Qxb7 29. Ra1 Rxa1+ 30. Qxa1 Qe4 31. Qc1 Qd3 32. Kf2 Qb3 33. Qe1 c3 34.
Ke2 Qxb4 35. Qa1 Qb2+ 0-1

[Event "London Classic Open 2016"]
[Site "London ENG"]
[Date "2016.12.10"]
[Round "2.84"]
[White "Mitra, Roman C"]
[Black "Ratnesan, Ranesh"]
[Result "1-0"]
[WhiteElo "2083"]
[BlackElo "1875"]
[WhiteFideId "419540"]
[BlackFideId "439339"]
[EventDate "2016.12.09"]

1. e4 c5 2. Nf3 d6 3. d4 cxd4 4. Nxd4 Nf6 5. Nc3 a6 6. g3 e5 7. Nde2 Be7 8. Bg2
Be6 9. O-O b5 10. h3 h5 11. Be3 Nbd7 12. f4 b4 13. Nd5 Bxd5 14. exd5 Rc8 15. a3
Qc7 16. axb4 Qxc2 17. Rc1 1-0

[Event "London Classic Open 2016"]
[Site "London ENG"]
[Date "2016.12.10"]
[Round "2.86"]
[White "Siddharth, Gopakumar"]
[Black "Heuser, Philip"]
[Result "0-1"]
[WhiteElo "1822"]
[BlackElo "2081"]
[WhiteFideId "5053463"]
[BlackFideId "4654358"]
[EventDate "2016.12.09"]

1. e4 c6 2. d4 d5 3. exd5 cxd5 4. c4 Nf6 5. Nc3 g6 6. Qb3 Bg7 7. cxd5 O-O 8. Bb5
a6 9. Bd3 Nbd7 10. Nge2 Nb6 11. Nf4 Qd6 12. O-O g5 13. Nfe2 h6 14. f4 g4 15. Ne4
Nxe4 16. Bxe4 f5 17. Bd3 Nxd5 18. Bc4 Be6 19. a4 Rfc8 20. Rd1 Rxc4 21. Qxc4 Ne3
22. Qd3 Nxd1 23. Qxd1 Rd8 24. Be3 Bd5 25. Ng3 e6 26. Nh5 Bh8 27. Qe1 Bc6 28. Rd1
Qd5 29. Rd2 Bxa4 30. Qh4 Rf8 31. Ng3 Bg7 32. Nh5 Qe4 33. Kf2 Bc6 34. Qg3 Bh8 35.
h3 Kh7 36. hxg4 fxg4 37. Kg1 Rg8 38. Qf2 Rf8 39. Re2 Qg6 40. Qh4 Bd5 41. Ng3 Bf6
42. Qh5 Qxh5 43. Nxh5 Bh4 44. Kh2 Kg6 45. Ng3 Be7 46. Rf2 h5 47. Ne2 h4 48. g3
h3 49. Nc1 Kf5 50. Rc2 Bd6 51. Rc3 Rf7 52. Nd3 Rc7 53. Nc5 b6 54. Na4 Rxc3 55.
bxc3 b5 56. Nb2 Ke4 57. Nd1 Bb3 58. Nf2+ Kf3 0-1

[Event "London Classic Open 2016"]
[Site "London ENG"]
[Date "2016.12.10"]
[Round "2.87"]
[White "Korning, Peter"]
[Black "Fernandez Aransay, Fernando"]
[Result "1-0"]
[WhiteElo "2081"]
[BlackElo "1862"]
[WhiteFideId "1723332"]
[BlackFideId "2216280"]
[EventDate "2016.12.09"]

1. e4 c5 2. d4 cxd4 3. c3 dxc3 4. Nxc3 Nc6 5. Nf3 a6 6. Bc4 e6 7. O-O Nge7 8.
Bg5 h6 9. Be3 Ng6 10. Bb3 Be7 11. Nd4 Bf6 12. f4 Nxd4 13. Bxd4 Bxd4+ 14. Qxd4
Qf6 15. e5 Qh4 16. g3 Qd8 17. f5 Ne7 18. fxe6 dxe6 19. Qxd8+ Kxd8 20. Rxf7 Nf5
21. Rd1+ Ke8 22. Rc7 Rb8 23. Ne4 Rf8 24. Nd6+ Kd8 25. Rxc8+ Rxc8 26. Nxf5+ Kc7
27. Nxg7 Kb8 28. Nxe6 Rf5 29. Re1 Re8 30. Kg2 Re7 31. g4 Rff7 32. Kg3 b6 33. Nd8 1-0

[Event "London Classic Open 2016"]
[Site "London ENG"]
[Date "2016.12.10"]
[Round "2.88"]
[White "Jekel, Wolfgang"]
[Black "Vardan, Nagpal"]
[Result "0-1"]
[WhiteElo "1790"]
[BlackElo "2079"]
[WhiteFideId "4690370"]
[BlackFideId "25089544"]
[EventDate "2016.12.09"]

1. f4 d5 2. Nf3 g6 3. g3 Bg7 4. Bg2 Nf6 5. O-O O-O 6. d3 b6 7. e4 Bb7 8. e5 Ne8
9. e6 fxe6 10. Ng5 Bc8 11. Bh3 Qd6 12. Re1 c6 13. Bxe6+ Bxe6 14. Nxe6 Rf6 15.
Qe2 Nd7 16. Nxg7 Nxg7 17. Qxe7 Qc7 18. Qe2 Re8 19. Qf2 Rxe1+ 20. Qxe1 Re6 21.
Qf2 Nf6 22. h3 Qe7 23. Kf1 Nf5 24. Nc3 d4 25. Ne2 Rxe2 0-1

[Event "London Classic Open 2016"]
[Site "London ENG"]
[Date "2016.12.10"]
[Round "2.89"]
[White "Waddington, Mike P"]
[Black "Opasiak, Dustin Tennessee"]
[Result "1-0"]
[WhiteTitle "FM"]
[WhiteElo "2078"]
[BlackElo "1823"]
[WhiteFideId "410497"]
[BlackFideId "24630217"]
[EventDate "2016.12.09"]

1. c4 e5 2. Nc3 Bb4 3. g3 Bxc3 4. bxc3 d6 5. Bg2 Nc6 6. Rb1 Nf6 7. d3 O-O 8. e4
Rb8 9. Ne2 Ne8 10. O-O f5 11. f3 Be6 12. Kh1 a6 13. a4 Nf6 14. Be3 fxe4 15. fxe4
Ng4 16. Bg1 Rxf1 17. Qxf1 Qg5 18. Qc1 Qh5 19. Qd2 Rf8 20. Rf1 Rxf1 21. Bxf1 Na5
22. Nc1 Nf6 23. Bg2 Bd7 24. c5 Bxa4 25. Qa2+ Bb3 26. Nxb3 Nxb3 27. Qxb3+ Kf8 28.
Qxb7 dxc5 29. Qxc7 Qd1 30. Qxc5+ Kf7 31. Qc4+ Kg6 32. Qxa6 1-0

[Event "London Classic Open 2016"]
[Site "London ENG"]
[Date "2016.12.10"]
[Round "2.90"]
[White "Islam, Mohammed"]
[Black "Makepeace, Philip J"]
[Result "0-1"]
[WhiteElo "1788"]
[BlackElo "2077"]
[WhiteFideId "10211870"]
[BlackFideId "413550"]
[EventDate "2016.12.09"]

1. d4 d5 2. c4 e6 3. Bf4 Nf6 4. Nf3 Be7 5. e3 O-O 6. Nc3 a6 7. Bd3 dxc4 8. Bxc4
b5 9. Bd3 Bb7 10. a3 Nbd7 11. O-O c5 12. dxc5 Nxc5 13. Be2 Qb6 14. b4 Nce4 15.
Nxe4 Bxe4 16. Rc1 Rac8 17. Qb3 Bd5 18. Qb2 Qb7 19. Rfd1 Ne4 20. Ne1 Rxc1 21.
Rxc1 Nd6 22. Be5 f6 23. Bd4 Nc4 24. Qa1 e5 25. Bc3 Qa7 26. Bf3 Be6 27. a4 bxa4
28. Qxa4 Qb6 29. Ra1 Rc8 30. Qxa6 Qxa6 31. Rxa6 Kf7 32. Rc6 Rb8 33. Nd3 Nd6 34.
Nc5 Ba2 35. h3 Nb5 36. Be1 Nd6 37. Na6 Rd8 38. Nc5 f5 39. Bc3 e4 40. Be2 Bd5 41.
Rc7 Ra8 42. Bxg7 Kxg7 43. Rxe7+ Kh8 44. Rd7 Bc4 45. Bxc4 Nxc4 46. Rf7 Nd2 47. h4
Ra1+ 48. Kh2 Rb1 49. Rxf5 Rxb4 50. Rf8+ Kg7 51. Ne6+ Kg6 52. g4 h5 53. g5 Rb1
54. Rf6+ Kh7 55. Rh6+ Kg8 56. Rxh5 Kf7 57. Nd4 Rb2 58. Kg2 Nc4 59. Kg3 Ne5 60.
Rh6 Nd3 61. Rf6+ Ke7 62. h5 Rb1 63. Ne2 Re1 64. Nf4 Rg1+ 65. Kh4 Ne1 66. h6 Nf3+
67. Kh3 Nxg5+ 0-1

[Event "London Classic Open 2016"]
[Site "London ENG"]
[Date "2016.12.10"]
[Round "2.91"]
[White "Villiers, Thomas"]
[Black "Bin-Suhayl, Yousuf"]
[Result "1-0"]
[WhiteElo "2073"]
[BlackElo "1788"]
[WhiteFideId "427209"]
[BlackFideId "427012"]
[EventDate "2016.12.09"]

1. Nf3 Nf6 2. c4 c5 3. Nc3 Nc6 4. e3 e6 5. b3 Be7 6. Bb2 O-O 7. Be2 d5 8. cxd5
Nxd5 9. O-O Bf6 10. Rc1 b6 11. Qc2 Ncb4 12. Qb1 Bb7 13. Rfd1 Qe7 14. a3 Nxc3 15.
dxc3 Nc6 16. Rd2 Rfd8 17. Rcd1 Rxd2 18. Rxd2 Rd8 19. Qd1 Rxd2 20. Qxd2 Qd8 21.
Qc2 Ne5 22. Nd2 g6 23. c4 Nd7 24. b4 Qe7 25. Bc3 Bxc3 26. Qxc3 Qd6 27. f4 e5 28.
g3 exf4 29. exf4 Qe6 30. Qd3 Nf6 31. Bf3 Bxf3 32. Nxf3 Qe4 33. Qxe4 Nxe4 34. Kf1
Kf8 35. Ke2 Ke7 36. Ne5 a6 37. Kd3 f5 38. Nf3 Nf2+ 39. Ke3 Ng4+ 40. Ke2 Nf6 41.
Ne5 Kd6 42. Nf7+ Kc6 43. Ne5+ Kd6 44. Kd3 Ne4 45. Kc2 cxb4 46. axb4 a5 47. c5+
bxc5 48. bxa5 Nf6 49. Kb3 Ne8 50. Kc4 Nc7 51. h4 Nd5 52. Kb5 Nc7+ 53. Kb6 Nd5+
54. Kb7 Nb4 55. a6 Nxa6 56. Kxa6 Kd5 57. Kb5 Kd4 58. h5 gxh5 59. Nf3+ Ke3 60.
Nh4 Kf2 61. Nxf5 Kf3 62. Kxc5 Kg4 63. Nh4 Kxg3 64. f5 Kxh4 65. f6 Kg3 66. f7 h4
67. f8=Q h3 68. Kd4 h5 69. Ke3 h4 70. Qf3+ 1-0

[Event "London Classic Open 2016"]
[Site "London ENG"]
[Date "2016.12.10"]
[Round "2.92"]
[White "Barasi, Paul Dl"]
[Black "Abrahams, Daniel"]
[Result "0-1"]
[WhiteElo "1770"]
[BlackElo "2071"]
[WhiteFideId "432830"]
[BlackFideId "2606879"]
[EventDate "2016.12.09"]

1. d4 Nf6 2. Bg5 e6 3. Nd2 c5 4. e3 Be7 5. Ngf3 b6 6. Bd3 Bb7 7. c3 cxd4 8. exd4
d6 9. O-O O-O 10. Re1 Nbd7 11. Qc2 Re8 12. Bh4 Nf8 13. Rad1 a6 14. c4 Rc8 15.
Qb3 d5 16. c5 N8d7 17. Bb1 Ba8 18. cxb6 Qxb6 19. Qe3 Qxb2 20. Qf4 Bc6 21. Nb3
Ba4 22. Rd2 Qa3 23. Rd3 Qb4 24. Rde3 Bd6 25. Ne5 Bxe5 26. Rxe5 Nxe5 27. Qxe5 Nd7
28. Qe2 Bxb3 29. axb3 Qxd4 30. Bg3 Rc6 31. h3 Rec8 32. Qh5 Nf6 33. Qe2 Qb4 34.
Be5 Qxe1+ 0-1

[Event "London Classic Open 2016"]
[Site "London ENG"]
[Date "2016.12.10"]
[Round "2.93"]
[White "Dushyant, Sharma"]
[Black "Mohnblatt, Daniel"]
[Result "1-0"]
[WhiteElo "2066"]
[BlackElo "1769"]
[WhiteFideId "25065130"]
[BlackFideId "648582"]
[EventDate "2016.12.09"]

1. e4 c5 2. Nf3 e6 3. d4 cxd4 4. Nxd4 Nf6 5. Nc3 Qb6 6. e5 Bc5 7. Be3 Nd5 8.
Nxd5 exd5 9. Nf5 Qxb2 10. Bd3 Qc3+ 11. Kf1 Bxe3 12. Nxe3 Qxe5 13. Ng4 Qe6 14.
Qf3 O-O 15. Re1 Qc6 16. Qf5 Qg6 17. Qf3 Qc6 18. h4 d6 19. Nf6+ gxf6 20. Qh5 f5
21. Qg5+ Kh8 22. Qf6+ 1-0

[Event "London Classic Open 2016"]
[Site "London ENG"]
[Date "2016.12.10"]
[Round "2.94"]
[White "Saksham, Rautela"]
[Black "Tiwari, Ashwani"]
[Result "1/2-1/2"]
[BlackTitle "FM"]
[WhiteElo "1768"]
[BlackElo "2065"]
[WhiteFideId "35046977"]
[BlackFideId "5006961"]
[EventDate "2016.12.09"]

1. e4 c5 2. Nf3 g6 3. c4 Nc6 4. d4 cxd4 5. Nxd4 Nf6 6. Nc3 d6 7. Be2 Nxd4 8.
Qxd4 Bg7 9. Bg5 O-O 10. Qd2 Be6 11. O-O Qa5 12. f3 Rfc8 13. Rac1 Qd8 14. Nd5
Bxd5 15. cxd5 Nd7 16. Be3 a5 17. a4 Nc5 18. Bxc5 Rxc5 19. Kh1 Rac8 20. b3 Rxc1
21. Rxc1 Rxc1+ 22. Qxc1 Bd4 23. Qc4 Ba7 24. Qb5 Qc7 25. Bc4 Kf8 26. g3 h5 27.
Kg2 Bc5 28. f4 Bb4 29. h3 Bc5 30. Kf3 Bb6 31. Kg2 Kg7 32. Kf3 Kf8 33. Kg2 Kg7
34. Kf3 1/2-1/2

[Event "London Classic Open 2016"]
[Site "London ENG"]
[Date "2016.12.10"]
[Round "2.95"]
[White "Stanisz, Patryk"]
[Black "Mulay, Partha"]
[Result "1/2-1/2"]
[WhiteElo "2064"]
[BlackElo "1767"]
[WhiteFideId "1123106"]
[BlackFideId "436038"]
[EventDate "2016.12.09"]

1. d4 Nf6 2. c4 g6 3. Nc3 Bg7 4. e4 d6 5. Be2 O-O 6. g4 e5 7. d5 Ne8 8. g5 f5 9.
gxf6 Nxf6 10. h4 c6 11. Be3 cxd5 12. cxd5 a6 13. a4 Qa5 14. Kf1 Nbd7 15. Kg2 Qb4
16. Qc2 Nc5 17. f3 Nh5 18. Ra3 Nf4+ 19. Kf1 Nxe2 20. Qxe2 Nxe4 21. Nxe4 Qxe4 22.
Bg5 Qxd5 23. Rd3 Qc6 24. Be7 Rf7 25. Rxd6 Qc1+ 26. Rd1 Qc7 27. Rd8+ Bf8 28.
Rxf8+ Rxf8 29. Bxf8 Kxf8 30. h5 Be6 31. Qe3 Rd8 32. Qh6+ Qg7 33. hxg6 hxg6 34.
Qe3 Rc8 1/2-1/2

[Event "London Classic Open 2016"]
[Site "London ENG"]
[Date "2016.12.10"]
[Round "2.96"]
[White "Rogacewicz, Mikolaj"]
[Black "Burke, John S"]
[Result "1-0"]
[WhiteElo "1765"]
[BlackElo "2055"]
[WhiteFideId "21842981"]
[BlackFideId "404322"]
[EventDate "2016.12.09"]

1. d4 d6 2. c4 e5 3. dxe5 dxe5 4. Qxd8+ Kxd8 5. Nf3 f6 6. Nc3 Be6 7. e4 c6 8.
Be3 Nh6 9. h3 Nf7 10. a3 Nd7 11. Be2 Kc7 12. O-O Be7 13. b4 a5 14. c5 Ra7 15.
Rfb1 axb4 16. axb4 Rha8 17. Rxa7 Rxa7 18. Nd2 Nd8 19. Nc4 Bxc4 20. Bxc4 Ra3 21.
Bb3 Ra8 22. Na4 Ra6 23. Rd1 g6 24. Nb6 Nxb6 25. cxb6+ Kc8 26. Bg8 Bxb4 27. Bxh7
Bc3 28. Bxg6 Ra1 29. Rxa1 Bxa1 30. h4 Kd7 31. h5 Ne6 32. h6 Nf8 33. Bf5+ Kd6 34.
h7 Nxh7 35. Bxh7 c5 36. Kf1 Kc6 37. Ke2 Kxb6 38. Kd3 Kc6 39. Bg8 b5 40. Bh6 Bd4
41. Ke2 Kd6 42. Bf8+ Kd7 43. Bd5 Ke8 44. Bg7 Ke7 45. Bc6 Kf7 46. Bh6 b4 47. Bd5+
Kg6 48. Be3 f5 49. Bxd4 exd4 50. e5 f4 51. Kd3 Kf5 52. e6 Kf6 53. g4 1-0

[Event "London Classic Open 2016"]
[Site "London ENG"]
[Date "2016.12.10"]
[Round "2.97"]
[White "Jamroz, Krzysztof"]
[Black "Cotter, Len"]
[Result "1-0"]
[WhiteElo "2045"]
[BlackElo "1758"]
[WhiteFideId "1111850"]
[BlackFideId "431419"]
[EventDate "2016.12.09"]

1. e4 c5 2. Nf3 d6 3. c3 Nf6 4. Be2 Nc6 5. d4 cxd4 6. cxd4 Nxe4 7. d5 Qa5+ 8.
Nc3 Nxc3 9. bxc3 Nd8 10. O-O Qxc3 11. Bb5+ Bd7 12. Bxd7+ Kxd7 13. Qa4+ Nc6 14.
Be3 Qa5 15. dxc6+ 1-0

[Event "London Classic Open 2016"]
[Site "London ENG"]
[Date "2016.12.10"]
[Round "2.98"]
[White "De Lagontrie, Jean"]
[Black "Prior, Stephen C V"]
[Result "1/2-1/2"]
[WhiteElo "1746"]
[BlackElo "2043"]
[WhiteFideId "605271"]
[BlackFideId "423378"]
[EventDate "2016.12.09"]

1. d4 Nf6 2. c4 e6 3. Nc3 Bb4 4. e3 O-O 5. Ne2 Re8 6. a3 Bf8 7. Ng3 d6 8. Be2
Nbd7 9. e4 a5 10. O-O e5 11. d5 Nc5 12. b3 a4 13. bxa4 Bd7 14. Rb1 Nxa4 15. Nxa4
Bxa4 16. Qd3 Nd7 17. Be3 b6 18. Bd1 Be7 19. Rb4 Bxd1 20. Rxd1 Bg5 21. Ra1 Bxe3
22. Qxe3 Nc5 23. f3 Qf6 24. Ne2 Qg6 25. Nc3 Re7 26. a4 h6 27. Rb5 Nb7 28. Rbb1
Rf8 29. Ra2 f5 30. exf5 Rxf5 31. Ne4 Ref7 32. Rf2 Rf8 33. Kh1 Rf4 34. Rbf1 Na5
35. Qd3 Qe8 36. Qc2 Qh5 37. Qd3 Nb7 38. g3 R4f7 39. Kg2 Na5 40. Qc2 Qf5 41. Qd3
Qd7 42. Qc2 c6 43. Rd2 Nb7 44. Qb3 Nc5 45. Nxc5 bxc5 46. Qd3 cxd5 47. Qxd5 Qxa4
48. Qxd6 Qxc4 49. Qxe5 Rf5 50. Qe2 Qf7 51. Rc2 Kh8 52. Rc4 Re8 53. Re4 Rd8 54.
Re1 Rfd5 55. Re8+ Rxe8 56. Qxe8+ Qxe8 57. Rxe8+ Kh7 58. Rc8 Rd2+ 59. Kh3 Rc2 60.
Kg4 c4 61. h4 c3 62. h5 Rc1 63. Kf4 Rc2 64. Kg4 Rc1 65. Kf4 Rc2 1/2-1/2

[Event "London Classic Open 2016"]
[Site "London ENG"]
[Date "2016.12.10"]
[Round "2.99"]
[White "Brozel, Sacha"]
[Black "Kalerwa, Edwin M"]
[Result "1-0"]
[WhiteElo "2035"]
[BlackElo "1756"]
[WhiteFideId "429317"]
[BlackFideId "422223"]
[EventDate "2016.12.09"]

1. c4 e6 2. g3 d5 3. Bg2 Nf6 4. d4 c6 5. Nf3 Be7 6. O-O Nbd7 7. Qc2 O-O 8. Nbd2
b6 9. e4 dxe4 10. Nxe4 Bb7 11. Rd1 Qc8 12. Nxf6+ Nxf6 13. c5 Rd8 14. Bg5 h6 15.
Bxf6 Bxf6 16. Rac1 Qc7 17. b4 b5 18. a3 a5 19. Ra1 g6 20. Qb2 Rd7 21. Ne5 Bxe5
22. dxe5 Rad8 23. Rd6 axb4 24. axb4 Rxd6 25. exd6 Qb8 26. Qa3 Qc8 27. Qe3 Kg7
28. h4 Rd7 29. Qe5+ Kg8 30. Be4 Qe8 31. Ra7 Qb8 32. Ra3 Qe8 33. Rf3 f5 34. Bc2
Rf7 35. Bb3 Bc8 36. Re3 f4 37. gxf4 Rf5 38. Bxe6+ Bxe6 39. Qxe6+ Qxe6 40. Rxe6
Rxf4 41. d7 Rd4 42. Rd6 1-0

[Event "London Classic Open 2016"]
[Site "London ENG"]
[Date "2016.12.10"]
[Round "2.100"]
[White "Bratteteig, Tore-Inge"]
[Black "Lentzos, Ioanis"]
[Result "0-1"]
[WhiteElo "1698"]
[BlackElo "2035"]
[WhiteFideId "1510711"]
[BlackFideId "4255470"]
[EventDate "2016.12.09"]

1. d4 Nf6 2. c4 e6 3. Nf3 b6 4. g3 Bb7 5. Bg2 Be7 6. O-O O-O 7. Nc3 Ne4 8. Nxe4
Bxe4 9. Nd2 Bxg2 10. Kxg2 d5 11. e4 Nc6 12. cxd5 exd5 13. exd5 Qxd5+ 14. Qf3
Rad8 15. Qxd5 Rxd5 16. Nf3 Nxd4 17. Nxd4 Rxd4 18. Be3 Rd7 19. Rfd1 Rfd8 20. Rxd7
Rxd7 21. Rc1 c5 22. a4 Bf6 23. b3 Rd3 24. Rb1 Bd4 25. Bxd4 Rxd4 26. Rc1 f5 27.
Rc3 Kf7 28. h4 Ke6 29. Kf3 g6 30. Ke3 Kd5 31. Kf3 a6 32. Ke3 b5 33. axb5 axb5
34. Kf3 b4 35. Re3 c4 36. bxc4+ Kxc4 37. Re7 b3 38. Rc7+ Kd3 39. Rb7 Kc3 40. Ke3
Re4+ 41. Kf3 b2 0-1

[Event "London Classic Open 2016"]
[Site "London ENG"]
[Date "2016.12.10"]
[Round "2.101"]
[White "Riedener, Toni"]
[Black "Chilton, James I"]
[Result "1/2-1/2"]
[WhiteElo "2026"]
[BlackElo "1740"]
[WhiteFideId "1302698"]
[BlackFideId "423009"]
[EventDate "2016.12.09"]

1. d4 Nf6 2. c4 e6 3. Nc3 Bb4 4. g3 O-O 5. Bg2 d5 6. Nf3 c5 7. O-O cxd4 8. Nxd4
e5 9. Nc2 Bxc3 10. bxc3 dxc4 11. Ba3 Qxd1 12. Rfxd1 Re8 13. Ne3 Nc6 14. Nxc4 e4
15. Nd6 Re5 16. Rab1 Nd5 17. Bb2 Nb6 18. Bxe4 Nc4 19. Bf3 Nxd6 20. Rxd6 Be6 21.
Rbd1 h6 22. e3 Rb5 23. R1d2 Ne5 24. Be2 Bc4 25. Rd8+ Rxd8 26. Rxd8+ Kh7 27. Bxc4
Nxc4 28. Bc1 Rb1 29. Rd1 Nb2 30. Rf1 Nc4 31. e4 Ra1 32. Bf4 Rxa2 33. Rb1 Rb2 34.
Ra1 a5 35. Bc7 b6 36. Kg2 Rb3 37. h4 Rxc3 38. Bxb6 Nxb6 39. Rxa5 Nc4 40. Ra7 Kg6
41. Ra6+ f6 42. Ra7 Nd2 43. Re7 Nf3 44. h5+ Kxh5 45. Rxg7 Ng5 46. Re7 Nf3 47.
Rg7 Ng5 48. Re7 Nf3 1/2-1/2

[Event "London Classic Open 2016"]
[Site "London ENG"]
[Date "2016.12.10"]
[Round "2.102"]
[White "Mladek, Richard"]
[Black "Ainsworth, George"]
[Result "1-0"]
[WhiteElo "2024"]
[BlackElo "1711"]
[WhiteFideId "386588"]
[BlackFideId "449636"]
[EventDate "2016.12.09"]

1. e4 c6 2. d4 d5 3. exd5 cxd5 4. c4 Nf6 5. Nc3 e6 6. Nf3 Bb4 7. Qa4+ Nc6 8. Bg5
Be7 9. c5 Bd7 10. Qc2 Rc8 11. a3 a5 12. Na4 Na7 13. Bd3 Bxa4 14. Qxa4+ Nc6 15.
O-O O-O 16. Rfe1 Ra8 17. Ne5 Qc7 18. Rac1 Rfe8 19. h3 Nxe5 20. dxe5 Nd7 21. Bxe7
Rxe7 22. Qh4 Kf8 23. Qxh7 Ree8 24. Bb5 Rad8 25. Bxd7 Qxd7 26. Qh8+ Ke7 27. Qxg7
Rg8 28. Qf6+ Ke8 29. Re3 Rg6 30. Qh8+ Ke7 31. Qh4+ Ke8 32. Rf3 d4 33. Qh8+ Ke7
34. Qh7 Rf8 35. Rd1 Qd5 36. Qh4+ Ke8 37. Rxd4 Rxg2+ 38. Kxg2 Rg8+ 39. Kf1 1-0

[Event "London Classic Open 2016"]
[Site "London ENG"]
[Date "2016.12.10"]
[Round "2.103"]
[White "Iyengar, Ilya"]
[Black "Kretov, Ivan"]
[Result "1-0"]
[WhiteElo "2008"]
[BlackElo "1674"]
[WhiteFideId "405949"]
[BlackFideId "24194484"]
[EventDate "2016.12.09"]

1. d4 c6 2. c4 d5 3. Nf3 Nf6 4. e3 e6 5. Nc3 Nbd7 6. Qc2 Bd6 7. b3 O-O 8. Bb2 h6
9. Bd3 Re8 10. O-O e5 11. cxd5 Nxd5 12. Nxd5 cxd5 13. dxe5 Nxe5 14. Nxe5 Bxe5
15. Rfd1 Bxb2 16. Qxb2 Be6 17. Be2 Qb6 18. Bf3 Red8 19. Rd4 Rd6 20. Rad1 Rad8
21. Qd2 Qc5 22. h4 Rc8 23. Bxd5 Bxd5 24. Rxd5 Qxd5 25. Qxd5 Rxd5 26. Rxd5 Rc1+
27. Kh2 Rc2 28. Ra5 a6 29. Kg3 Rc6 30. Rd5 Kf8 31. Rd7 b5 32. Ra7 h5 33. e4 f6
34. f3 g6 35. Kf4 Re6 36. g4 hxg4 37. fxg4 Rc6 38. h5 gxh5 39. gxh5 Kg8 40. h6
Rc1 41. Kf5 Rf1+ 42. Kg6 Rg1+ 43. Kxf6 Rf1+ 44. Ke6 Rg1 45. Rg7+ Rxg7 46. hxg7
Kxg7 47. e5 1-0

[Event "London Classic Open 2016"]
[Site "London ENG"]
[Date "2016.12.10"]
[Round "2.104"]
[White "Dror, Levi"]
[Black "Lochte, Thomas"]
[Result "0-1"]
[WhiteElo "1698"]
[BlackElo "2005"]
[WhiteFideId "2809583"]
[BlackFideId "4606272"]
[EventDate "2016.12.09"]

1. e4 e5 2. Nf3 Nc6 3. Bb5 a6 4. Ba4 Nf6 5. d3 Bc5 6. O-O b5 7. Bb3 d6 8. h3 Na5
9. Nc3 c6 10. Qe2 Nxb3 11. axb3 O-O 12. Be3 Qb6 13. b4 Bd4 14. Nd1 Re8 15. Bg5
Qd8 16. Nxd4 exd4 17. f4 Qc7 18. Qf3 Nd7 19. f5 f6 20. Bf4 Ne5 21. Qf2 c5 22.
Rc1 Qb6 23. Bxe5 dxe5 24. bxc5 Qxc5 25. Qd2 a5 26. Kh2 a4 27. c3 Bb7 28. cxd4
Qxd4 29. Rc7 Bxe4 30. Nf2 Bxf5 31. g4 Bg6 32. Qc2 Qf4+ 33. Kg2 e4 34. Qc6 Rad8
35. Nd1 Qd2+ 36. Kg1 Rxd3 37. Rxg7+ Kxg7 38. Qxf6+ Kg8 0-1

[Event "London Classic Open 2016"]
[Site "London ENG"]
[Date "2016.12.10"]
[Round "2.105"]
[White "Rushbrooke, Remy"]
[Black "Lechner, Marcus"]
[Result "1-0"]
[WhiteElo "1651"]
[BlackElo "2000"]
[WhiteFideId "443590"]
[BlackFideId "1629034"]
[EventDate "2016.12.09"]

1. d4 Nf6 2. Nc3 d5 3. Bg5 Nbd7 4. Nf3 c6 5. e3 Qb6 6. Rb1 e6 7. Bd3 Bd6 8. O-O
O-O 9. Re1 Qc7 10. e4 dxe4 11. Nxe4 Nxe4 12. Rxe4 Re8 13. Ne5 Nxe5 14. dxe5 Bxe5
15. Qh5 g6 16. Qh4 Bg7 17. Bf6 e5 18. Rbe1 Bf5 19. Rxe5 Rxe5 20. Rxe5 Qd6 21.
Bxg7 Kxg7 22. Qe7 Qxe7 23. Rxe7 Bxd3 24. cxd3 Rb8 25. Kf1 Kf6 26. Re4 Rd8 27.
Ke2 Rd5 28. Rb4 b5 29. Rf4+ Ke6 30. Re4+ Re5 31. f4 Rxe4+ 32. dxe4 a5 33. Kd3
Kd6 34. g4 h6 35. h4 f6 36. a4 h5 37. gxh5 gxh5 38. b4 axb4 39. a5 c5 40. e5+
fxe5 41. fxe5+ Kxe5 42. a6 c4+ 43. Kc2 Kd4 44. a7 b3+ 45. Kb2 1-0